Spatial 'Christianisation' in context : strategic intramural building in Rome from the 4th-7th C. AD /
This text closely examines the location of the earliest purpose-built Christian buildings inside the city of Rome in their contemporary context. It argues that some of these were deliberately sited by their builders so as to utilise prominent positions within the urban landscape or to pragmatically...
المؤلف الرئيسي:
التنسيق: كتاب الكتروني
اللغة: English
منشور في:
Oxford :
Archaeopress,
[2014]
سلاسل:
Archaeopress archaeology.
الموضوعات:
الوصول للمادة أونلاين: Login to view Source
الوسوم: إضافة وسم
رقم الطلب: BR165
| LEADER | 01968nam a2200421 i 4500 | ||
|---|---|---|---|
| 001 | EDZ0001356028 | ||
| 003 | StDuBDS | ||
| 005 | 20230412181441.0 | ||
| 006 | m|||||o||d|||||||| | ||
| 007 | cr ||||||||||| | ||
| 008 | 160301t20142014enka fob 000|0|eng|d | ||
| 020 | |a 9781784910211 (PDF ebook) : |c No price | ||
| 040 | |a StDuBDS |b eng |c StDuBDS |e rda |e pn | ||
| 050 | 4 | |a BR165 | |
| 082 | 0 | 4 | |a 270.2 |2 23 |
| 100 | 1 | |a Mulryan, Michael, |e author. | |
| 245 | 1 | 0 | |a Spatial 'Christianisation' in context : |b strategic intramural building in Rome from the 4th-7th C. AD / |c Michael Mulryan. |
| 264 | 1 | |a Oxford : |b Archaeopress, |c [2014] | |
| 264 | 4 | |c ©2014 | |
| 300 | |a 1 online resource : |b illustrations (black and white). | ||
| 336 | |a text |2 rdacontent | ||
| 336 | |a still image |2 rdacontent | ||
| 337 | |a computer |2 rdamedia | ||
| 338 | |a online resource |2 rdacarrier | ||
| 490 | 1 | |a Archaeopress archaeology | |
| 504 | |a Includes bibliographical references. | ||
| 520 | 8 | |a This text closely examines the location of the earliest purpose-built Christian buildings inside the city of Rome in their contemporary context. It argues that some of these were deliberately sited by their builders so as to utilise prominent positions within the urban landscape or to pragmatically reuse pre-existing bath facilities for Christian liturgical practice. | |
| 521 | |a Specialized. | ||
| 588 | |a Description based on online resource; title from home page (viewed on March 15, 2016). | ||
| 650 | 0 | |a Church history |y Primitive and early church, ca. 30-600. | |
| 650 | 0 | |a Church buildings |z Italy |z Rome. | |
| 651 | 0 | |a Rome (Italy) |x Church history. | |
| 776 | 0 | 8 | |i Print version : |z 9781784910204 |
| 830 | 0 | |a Archaeopress archaeology. | |
| 856 | 4 | 0 | |3 Archaeopress |u http://library.arce.org:8087/Archaeopress/Products/9781784910204 |
| 942 | |2 lcc |c EBOOK | ||
| 952 | |0 0 |1 0 |4 0 |6 BR0165 |7 1 |9 46004 |a ARCH |b ARCH |d 2023-04-12 |l 0 |o BR165 |r 2023-04-12 00:00:00 |w 2023-04-12 |y EBOOK | ||
| 999 | |c 51662 |d 51662 | ||
